Statystyki dla Imagine Dragons - Wszystkie piosenki

Kliknij tutaj aby rozwiązać quiz!

Ogólne statystyki

  • Ten quiz został rozwiązany 142 razy
    (121 od ostatniego zresetowania)
  • Średni wynik to 16 z 85

Statystyki odpowiedzi

Tytuł piosenki% Poprawnych
Thunder
80%
Radioactive
78%
Believer
77%
Demons
73%
Natural
65%
Enemy
60%
Bad Liar
51%
Whatever It Takes
46%
Warriors
45%
Birds
41%
It's Time
39%
On Top Of The World
39%
Follow You
37%
Zero
36%
Wrecked
28%
Monster
27%
I Bet My Life
26%
Shots
25%
Gold
22%
Walking The Wire
22%
Machine
20%
Smoke And Mirrors
20%
Amsterdam
19%
Bleeding Out
19%
Next To Me
19%
Giant
18%
Im So Sorry
17%
Lonely
17%
Hear Me
16%
Love
16%
One Day
15%
Roots
15%
Tiptoe
15%
#1
14%
Battle Cry
14%
Boomerang
14%
My Life
14%
Dancing In The Dark
13%
Friction
13%
Bullet In A Gun
12%
Dream
12%
Monday
12%
Mouth Of The River
12%
No Time For Toxic People
12%
Polaroid
12%
Underdog
12%
Yesterday
12%
America
11%
Digital
11%
It's Ok
11%
Nothing Left To Say
11%
Selene
11%
The Fall
11%
Thief
11%
Trouble
11%
Dull Knives
9%
Every Night
9%
Rise Up
9%
Sucker For Pain
9%
West Coast
9%
Who We Are
9%
Born To Be Yours
8%
Cha-Ching
8%
Cool Out
8%
Easy Come Easy Go
8%
Hopeless Opus
8%
Only
8%
Summer
8%
The River
8%
Burn Out
7%
Not Today
6%
Real Life
6%
Second Chances
6%
Start Over
6%
Stuck
6%
The Unknown
6%
I Don't Know Why
5%
I'll Make It Up To You
5%
It Comes Back To You
5%
Release
5%
Rocks
4%
Cuttroat
3%
My Fault
2%
It Was Me
1%
Heart Upon My Sleeve
0%

Rozkład punktacji

Percentyl według liczby udzielonych odpowiedzi

Procent ludzi z każdym wynikiem

Twoja historia wyników

Nie rozwiązałeś tego quizu od ostatniego zresetowania